[Event "WCh Candidates"]
[Site "Kazan RUS"]
[Date "2011.05.16"]
[Round "2.6"]
[White "Kamsky, Gata"]
[Black "Gelfand, Boris"]
[Result "1/2-1/2"]
[WhiteTitle "GM"]
[BlackTitle "GM"]
[WhiteElo "2732"]
[BlackElo "2733"]
[WhiteFideId "2000024"]
[BlackFideId "2805677"]

1. e4 c5 2. Nf3 d6 3. d4 cxd4 4. Nxd4 Nf6 5. Nc3 a6 6. Be3 e5 7. Nf3 Be7 8. Bc4
O-O 9. O-O Be6 10. Bb3 Nc6 11. Qe2 Na5 12. Rfd1 Qc7 13. Bg5 Rac8 14. Bxf6 Bxf6
15. Rac1 Nxb3 16. axb3 Qc6 17. Nd5 Bd8 18. c4 f5 19. exf5 Bxf5 20. h3 Qe8 21.
Rc3 Qg6 22. Nh2 Bh4 23. Nf3 Bd8 24. Kh2 Kh8 25. b4 Be6 26. Re3 Qf7 27. b3 b5 28.
Kh1 Qb7 29. Re4 Bf5 30. Re3 Be6 31. Re4 1/2-1/2